000
00411nam a2200133Ia 4500
008
100328s9999 xx 000 0 und d
082
_b
60259
100
_a
जारे रमेश
245
_a
स्वच्छतेचे ानी.
260
_b
गं्रथाली.
630
_a
स्वच्छतेचे ानी.
730
_a
स्वच्छतेचे ानी.
942
_c
BOOK
999
_c
546421
_d
546418